Anagrammes - Prénoms masculins - Série 03 - Statistiques

Statistiques générales
  • Ce quiz a été pris 279 fois
  • Le résultat moyen est 8 sur 10
Statistiques - réponses
Anagramme Prénom % Correct
Palu Paul
98%
GERES Serge
97%
ERNE René
96%
AXEL Alex
93%
VOCLIS Clovis
90%
SEGLLI Gilles
85%
DINERA Adrien
72%
STERNE Ernest
67%
INCLUE Lucien
63%
BRADREN Bernard
60%
Aucun quiz correspondant
Distribution des résultats
% des personnes avec chaque résultat
Percentile par nombre de réponses
Votre historique - résultats
Vous n’avez pas pris ce quiz